Online
Catalog

Santo Domingo : (Record no. 16803)

MARC details
000 -CABECERA
campo de control de longitud fija 00751nam a2200205 a 4500
001 - NÚMERO DE CONTROL
campo de control 000017278
005 - FECHA Y HORA DE LA ÚLTIMA TRANSACCIÓN
campo de control 20240305085225.0
008 - DATOS DE LONGITUD FIJA--INFORMACIÓN GENERAL
campo de control de longitud fija 100322s1981 dr a 000 0 spa d
040 ## - FUENTE DE LA CATALOGACIÓN
Centro catalogador/agencia de origen DO-SdBNP
Lengua de catalogación spa
Centro/agencia transcriptor BNPHU
082 ## - NÚMERO DE LA CLASIFICACIÓN DECIMAL DEWEY
Número de clasificación 323
Número de documento/Ítem B253s
049 ## - FONDOS LOCALES (OCLC)
Fondos de biblioteca BNPD
100 1# - ENTRADA PRINCIPAL--NOMBRE DE PERSONA
Nombre de persona Barinas Coiscou, Sócrates,
Fechas asociadas al nombre 1916-2021
9 (RLIN) 24379
245 10 - MENCIÓN DE TÍTULO
Título Santo Domingo :
Resto del título cuna del derecho de gentes /
Mención de responsabilidad, etc. Sócrates Barinas Coiscou.
260 ## - PUBLICACIÓN, DISTRIBUCIÓN, ETC.
Lugar de publicación, distribución, etc. Santo Domingo
Fabricante Impresos de Calidad
Fecha de publicación, distribución, etc. 1981.
300 ## - DESCRIPCIÓN FÍSICA
Extensión 69 p. :
Otras características físicas il. ;
Dimensiones 22 cm.
504 ## - NOTA DE BIBLIOGRAFÍA, ETC.
Nota de bibliografía, etc. Incluye referencias bibliográficas ( p. 67-68).
650 #4 - PUNTO DE ACCESO ADICIONAL DE MATERIA--TÉRMINO DE MATERIA
Término de materia o nombre geográfico como elemento de entrada Derechos humanos
Subdivisión geográfica República Dominicana
9 (RLIN) 12374
650 #4 - PUNTO DE ACCESO ADICIONAL DE MATERIA--TÉRMINO DE MATERIA
Término de materia o nombre geográfico como elemento de entrada Delitos contra la persona
Subdivisión geográfica República Dominicana
9 (RLIN) 37933
650 #4 - PUNTO DE ACCESO ADICIONAL DE MATERIA--TÉRMINO DE MATERIA
Término de materia o nombre geográfico como elemento de entrada Violación de los derechos humanos
9 (RLIN) 30684
Holdings
Estado de retiro Estado de pérdida No para préstamo Código de colección Localización permanente Ubicación/localización actual Ubicación en estantería Fecha de adquisición Número de inventario Total de préstamos Signatura topográfica completa Código de barras Fecha visto por última vez Precio válido a partir de Tipo de ítem Koha
    Excluido de préstamo Patrimonio Dominicano Patrimonio Dominicano Patrimonio Dominicano En catalogación 22.03.2010 LF1   323 B253s 17278-10 25.06.2020 25.06.2020 Libro y Folleto Colección Patrimonio Dominicano

Powered by Koha